| 000 | 00870nam a2200181 i 4500 | ||
|---|---|---|---|
| 001 | 42466 | ||
| 003 | ES-MaACL | ||
| 005 | 20260113174102.0 | ||
| 007 | t| | ||
| 008 | 030331s1874 sp ||||1| spa d | ||
| 245 | 0 | 0 |
_aDictámen sobre los derechos que asisten al Banco Hipotecario de España contra el Estado _b: por haberle éste privado de los beneficios que le correspondían según la ley de su creación, y recursos que ha de ejercitar para hacerlos efectivos / _cemitido por Manuel Cortina, Cándido Nocedal, Nicolás María Rivero, Manuel Silvela, Cristóbal Martín de Herrera, Eugenio Montero Ríos. |
| 260 |
_aMadrid : _b[s.n.], _c1874 ( _fR. Labajos) |
||
| 300 |
_a45 p. ; _c27 cm. |
||
| 700 | 1 |
_aCortina y Arenzana, Manuel, _d1802-1879 _940945 |
|
| 710 | 0 |
_aBanco Hipotecario de España. _92126 |
|
| 852 |
_aES-MaACL _jT-170-F-10 |
||
| 999 |
_c42466 _d42466 |
||